Ryan Gosling Movies Quiz - Statistics

General Stats
  • This quiz has been taken 1,452 times
    553 since last reset
  • The average score is 8 of 23
Answer Stats
Year Movie % Correct
2016 La La Land
85%
2011 Drive
76%
2004 The Notebook
71%
2017 Blade Runner 2049
66%
2011 Crazy, Stupid, Love
58%
2013 The Place Beyond The Pines
44%
2016 The Nice Guys
43%
2010 Blue Valentine
35%
2015 The Big Short
32%
2013 Gangster Squad
28%
2007 Lars And The Real Girl
27%
2006 Half Nelson
26%
2013 Only God Forgives
24%
2000 Remember The Titans
24%
2011 The Ides Of March
18%
2007 Fracture
15%
2002 Murder By Numbers
14%
2005 Stay
14%
2001 The Believer
14%
2010 All Good Things
11%
2017 Song To Song
11%
2003 The United States Of Leland
8%
2002 The Slaughter Rule
6%
No matching quizzes found
Score Distribution
Percent of People with Each Score
Percentile by Number Answered
Your Score History
You have not taken this quiz since the last reset